| 000 | 00412nam a2200145 a 4500 | ||
|---|---|---|---|
| 090 |
_aRE _b00027 |
||
| 041 |
_apor _hspa |
||
| 110 |
_bCasa Editorial Sopena _992266 |
||
| 245 |
_aMega portugués _bportugés-español y espanhol-portugues |
||
| 260 |
_aBarcelona _bEditorial Ramón Sopena S. A. _c2000 |
||
| 300 | _a[1260 p.] | ||
| 650 |
_aDiccionarios _992264 |
||
| 650 |
_aLengua portuguesa _992301 |
||
| 942 | _cIMPRESO | ||
| 999 |
_c3091 _d3091 |
||